The SAGE handbook of hospitality management / (Record no. 295013)
[ view plain ]
| 000 -LEADER | |
|---|---|
| fixed length control field | 00520nam a22001577a 4500 |
| 003 - CONTROL NUMBER IDENTIFIER | |
| control field | PILC |
| 005 - DATE AND TIME OF LATEST TRANSACTION | |
| control field | 20160530103504.0 |
| 008 - FIXED-LENGTH DATA ELEMENTS--GENERAL INFORMATION | |
| fixed length control field | 160530b xxu||||| |||| 00| 0 eng d |
| 020 ## - INTERNATIONAL STANDARD BOOK NUMBER | |
| International Standard Book Number | 9781412900256 |
| 050 ## - LIBRARY OF CONGRESS CALL NUMBER | |
| Classification number | TX 911.3.M27 |
| Item number | .H828 2008 |
| 245 ## - TITLE STATEMENT | |
| Title | The SAGE handbook of hospitality management / |
| Statement of responsibility, etc | edited by Bob Brotherton and Roy C. Wood. |
| 260 ## - PUBLICATION, DISTRIBUTION, ETC. (IMPRINT) | |
| Place of publication, distribution, etc | Los Angeles : |
| Name of publisher, distributor, etc | SAGE, |
| Date of publication, distribution, etc | 2008. |
| 300 ## - PHYSICAL DESCRIPTION | |
| Extent | xv, 555 pages : |
| Other physical details | illustrations ; |
| Dimensions | 24 cm. |
| 500 ## - GENERAL NOTE | |
| General note | Includes bibliographical references and index. |
| 942 ## - ADDED ENTRY ELEMENTS (KOHA) | |
| Source of classification or shelving scheme | Library of Congress Classification |
| Koha item type | Books |
| Withdrawn status | Lost status | Source of classification or shelving scheme | Damaged status | Home library | Current library | Shelving location | Date acquired | Source of acquisition | Sub Shelving location | Total Checkouts | Total Renewals | Full call number | Barcode | Date last seen | Date checked out | Price effective from | Koha item type | Public note |
|---|---|---|---|---|---|---|---|---|---|---|---|---|---|---|---|---|---|---|
| Library of Congress Classification | Southville International School Affiliated with Foreign Universities Library | Southville International School Affiliated with Foreign Universities Library | Southville Foreign University Section | 05/30/2016 | Library Fund | 2 | 1 | TX 911.3.M27 .H828 2008 | SFU2611 | 05/15/2018 | 10/10/2017 | 05/30/2016 | Books | |||||
| Library of Congress Classification | Southville International School Affiliated with Foreign Universities Library | Southville International School Affiliated with Foreign Universities Library | Southville Foreign University Section | 05/30/2016 | Library Fund | 1 | TX 911.3.M27 .H828 2008 | SFU2612 | 05/15/2018 | 06/29/2016 | 05/30/2016 | Books | ||||||
| Library of Congress Classification | Southville International School Affiliated with Foreign Universities Library | Southville International School Affiliated with Foreign Universities Library | Southville Foreign University Section | 05/30/2016 | Library Fund | TX 911.3.M27 .H828 2008 | SFU2613 | 05/15/2018 | 05/30/2016 | Books | ||||||||
| Library of Congress Classification | Southville International School Affiliated with Foreign Universities Library | Southville International School Affiliated with Foreign Universities Library | Southville Foreign University Section | 05/30/2016 | Library Fund | TX 911.3.M27 .H828 2008 | SFU2614 | 05/15/2018 | 05/30/2016 | Books | ||||||||
| Withdrawn | Library of Congress Classification | Southville International School Affiliated with Foreign Universities Library | Southville International School Affiliated with Foreign Universities Library | 05/30/2016 | Library Fund | TX 911.3.M27 .H828 2008 | SFU2615 | 05/15/2018 | 05/30/2016 | Books | Books donated |